| Tag |
First Indicator |
Second Indicator |
Subfields |
| LEADER |
00000cam a2200000Ka 4500 |
| 001 |
in00002782326 |
| 005 |
20210728124842.0 |
| 006 |
m d |
| 007 |
cr cnu---unuuu |
| 008 |
120125s2007 si a ob 001 0 eng d |
| 019 |
|
|
|a 652116268
|
| 020 |
|
|
|a 1118179463 (electronic bk.)
|
| 020 |
|
|
|a 111839044X (online lib.)
|
| 020 |
|
|
|a 9781118179468 (electronic bk.)
|
| 020 |
|
|
|a 9781118390443 (online lib.)
|
| 020 |
|
|
|z 0470821892
|
| 020 |
|
|
|z 9780470821893
|
| 035 |
|
|
|a (OCoLC)773827830
|z (OCoLC)652116268
|
| 035 |
|
|
|a (OCoLC)ocn773827830
|
| 035 |
|
|
|a 3997003
|
| 040 |
|
|
|a N$T
|b eng
|c N$T
|d OCLCE
|d E7B
|d REDDC
|d OCLCQ
|d TXA
|d UtOrBLW
|
| 043 |
|
|
|a a------
|a f------
|
| 049 |
|
|
|a TXAM
|
| 050 |
|
4 |
|a HG3368.A6
|b I859 2007eb
|
| 072 |
|
7 |
|a BUS
|x 004000
|2 bisacsh
|
| 082 |
0 |
4 |
|a 332.10917/67
|2 22
|
| 084 |
|
|
|a 11.84
|2 bcl
|
| 084 |
|
|
|a 83.50
|2 bcl
|
| 084 |
|
|
|a QG 810
|2 rvk
|
| 245 |
0 |
0 |
|a Islamic finance :
|b the regulatory challenge /
|c edited by Simon Archer and Rifaat Ahmed Abdel Karim.
|
| 264 |
|
1 |
|a Singapore :
|b J. Wiley,
|c 2007.
|
| 300 |
|
|
|a 1 online resource (xxi, 418 pages) :
|b illustrations
|
| 336 |
|
|
|a text
|b txt
|2 rdacontent
|
| 337 |
|
|
|a computer
|b c
|2 rdamedia
|
| 338 |
|
|
|a online resource
|b cr
|2 rdacarrier
|
| 500 |
|
|
|a Electronic resource.
|
| 504 |
|
|
|a Includes bibliographical references and index.
|
| 505 |
0 |
|
|a Supervision of Islamic banks and Basel II: the regulatory challenge / Simon Archer and Rifaat Ahmed Abdel Karim -- The nature of risks in Islamic banking -- Banking and the risk environment / Hennie van Greuning and Zamir Iqbal -- Risk characteristics of Islamic products: implications for risk measurement and supervision / Dr. V. Sundararajan -- Capital structure and risk in Islamic financial services / Wafik Grais and Abina Kulathunga -- Inherent risk: Credit and market risks / Abdullah Haron and John Lee Hin Hock -- Operational risk exposures of Islamic banks / Simon Archer and Abdullah Haron -- Law and Islamic finance: an interactive analysis / Yusuf Talal DeLorenzo and Michael J.T. McMillen -- Supervisory implications of Islamic finance in the current regulatory environment / Hari Bhambra -- Capital Adequacy -- Risk and the need for capital / Charles Freeland and Steven Friedman -- Measuring risk for capital adequacy: the issue of profit-sharing investment accounts / Simon Archer and Rifaat Ahmed Abdel Karim -- Measuring operational risk / Elisabeth Jackson-Moore -- Supervisory implications of Islamic banking: a supervisor's perspective / Toby Fiennes -- Securitization and capital markets -- Securitization in Islamic finance / Abdulkader Thomas -- The role of capital markets in ensuring Islamic financial liquidity / Stella Cox -- Regulating Islamic capital markets / Robert Gray and Arshad Ismail -- Corporate governance -- Corporate governance for banks / Hamid Yunis -- Specific corporate governance issues in Islamic banks / Simon Archer and Rifaat Ahmed Abdel Karim -- Corporate governance and supervision: Basel Pillar 2 / Chizu Nakajima and Barry A.K. Rider -- Transparency and market discipline: Basel Pillar 3 / Daud Abdullah (David Vicary) -- Human resource management of Islamic banks: responses to conceptual and technical challenges / Volker Nienhaus -- Concluding remarks / Simon Archer and Rifaat Ahmed Abdel Karim.
|
| 588 |
|
|
|a Description based on print version record.
|
| 650 |
0 |
7 |
|a Finanzpolitik.
|2 swd
|
| 650 |
1 |
7 |
|a Bankwezen.
|2 gtt
|
| 650 |
1 |
7 |
|a Islam.
|2 gtt
|
| 650 |
1 |
7 |
|a Islamitische economie.
|2 gtt
|
| 650 |
|
0 |
|a Banks and banking
|x Religious aspects
|x Islam.
|0 http://id.loc.gov/authorities/subjects/sh88004780
|
| 650 |
|
0 |
|a Banks and banking
|z Islamic countries.
|0 http://id.loc.gov/authorities/subjects/sh85011639
|
| 650 |
|
0 |
|a Finance
|x Religious aspects
|x Islam.
|0 http://id.loc.gov/authorities/subjects/sh2008120490
|
| 650 |
|
0 |
|a Finance
|z Islamic countries.
|0 http://id.loc.gov/authorities/subjects/sh2008120489
|
| 650 |
|
7 |
|a BUSINESS & ECONOMICS
|x Banks & Banking.
|2 bisacsh
|
| 651 |
|
7 |
|a Islamische Staaten.
|2 swd
|
| 655 |
|
4 |
|a Aufsatzsammlung.
|
| 655 |
|
7 |
|a Aufsatzsammlung.
|2 swd
|
| 655 |
|
7 |
|a Electronic books.
|2 local
|
| 700 |
1 |
|
|a Abdel Karim, Rifaat Ahmed.
|0 http://id.loc.gov/authorities/names/n90683215
|
| 700 |
1 |
|
|a Archer, Simon.
|0 http://id.loc.gov/authorities/names/n82238681
|
| 776 |
0 |
8 |
|i Print version:
|t Islamic finance.
|d Singapore : J. Wiley, 2007
|z 9780470821893
|w (DLC) 2007272561
|w (OCoLC)86117886
|
| 830 |
|
0 |
|a Wiley Online Library.
|
| 856 |
4 |
0 |
|u http://proxy.library.tamu.edu/login?url=https://dx.doi.org/10.1002/9781118390443
|z Connect to the full text of this electronic book
|t 0
|
| 948 |
|
|
|a cataloged
|b h
|c 2012/6/8
|d c
|e jlanham
|f 9:52:01 am
|
| 994 |
|
|
|a C0
|b TXA
|
| 999 |
|
|
|a MARS
|
| 999 |
f |
f |
|s 994ec63a-7f76-3340-a136-326784bb41a5
|i 3ccdb3bf-083a-3977-9c3f-c144b70f30ee
|t 0
|
| 952 |
f |
f |
|a Texas A&M University
|b College Station
|c Electronic Resources
|d Available Online
|t 0
|e HG3368.A6 I859 2007eb
|h Library of Congress classification
|
| 998 |
f |
f |
|a HG3368.A6 I859 2007eb
|t 0
|l Available Online
|